000 01091nam a22003497a 4500
001 0013493
003 KOHA_MİRAKIL
005 20260207001921.0
007 ta
008 100217b2006 tu |||gr||||#0|||1|tur |
020 _a9756047038
040 _aTR-BiSEU
_btur
_cTR-BiSEU
_erda
041 0 _atur
044 _ctu
050 _aPL248.Y56
_bE45 2006
100 1 _aYıldırım, Mustafa.
245 1 _a58 gün: Mustafa Kemal ile Filistin'den anayurdun dağlarına :
_bbelge roman/
_cMustafa Yıldırım ; Mustafa Yıldırım.
250 _a3.bs.
264 1 _aİstanbul :
_bUlus Dağ Yayınları
_c2006
300 _a549 sayfa: resimli; 20 cm.
336 _ametin
_btxt
_2rdacontent
337 _aaracısız
_bn
_2rdamedia
338 _acilt
_bnc
_2rdacarrier
490 1 _aRoman dizisi ;
_v2
500 _aKaynakça var.
650 0 _aAtatürk, Mustafa Kemal, 1881-1938.
_98428
650 0 _aHistorical fiction, Turkish.
_924098
650 0 _aTurkey--History--Revolution, 1918-1923.
_910129
830 1 _aRoman dizisi ;
_v2
_922627
907 _aRoman
942 _2lcc
_cBK
999 _c13457
_d13457